Encyclopaedia of petroleum laws : (Record no. 91692)

MARC details
000 -LEADER
fixed length control field 00889nam a22002177a 4500
005 - DATE AND TIME OF LATEST TRANSACTION
control field 20150323125801.0
010 ## - LCCN (DPL NO)
LC control number ENG-112219
020 ## - INTERNATIONAL STANDARD BOOK NUMBER
International Standard Book Number 9788175348875
Terms of availability 1695.00
035 ## - SYSTEM CONTROL NUMBER
System control number EN-95751
037 ## - SOURCE OF ACQUISITION
Source of stock number/acquisition DBAD/PUB
082 ## - DEWEY DECIMAL CLASSIFICATION NUMBER
Classification number 343.540772
100 ## - MAIN ENTRY--PERSONAL NAME
Personal name Sarin, Harbans Lal
245 ## - TITLE STATEMENT
Title Encyclopaedia of petroleum laws :
Statement of responsibility, etc by Harbans Lal Sarin [and] Manmohan Lal Sarin
Remainder of title covering act, rules, orders, notifications, allied laws, policies, regulations, international laws, glossary, model specimen documents, important addresses & digest of relevant cases /
250 ## - EDITION STATEMENT
Edition statement 11th ed
260 ## - PUBLICATION, DISTRIBUTION, ETC. (IMPRINT)
Place of publication, distribution, etc Delhi
Name of publisher, distributor, etc Universal Law Publishing
Date of publication, distribution, etc 2010
270 ## - ADDRESS
Address A-58, G.T. Karnal Road Industrial Area,
City Delhi
Postal code 110033
300 ## - PHYSICAL DESCRIPTION
Extent xxii,1745p.
Dimensions 25cm(Hb)
650 ## - SUBJECT ADDED ENTRY--TOPICAL TERM
Topical term or geographic name as entry element Petroleum law and legislation
Geographic subdivision India.
700 ## - ADDED ENTRY--PERSONAL NAME
Personal name Sarin, Manmohan Lal
942 ## - ADDED ENTRY ELEMENTS (KOHA)
Source of classification or shelving scheme Dewey Decimal Classification
Item type English Books
Call number suffix SAR
Classification part 343.540772
Holdings
Withdrawn status Lost status Not for loan Collection code Home library Current library Date acquired Source of acquisition Cost, normal purchase price Full call number Barcode Copy number Cost, replacement price Koha item type
    Not For Loan Non-fiction D.B.Act.Division D.B.Act.Division 23/02/2015 DBAD/PUB 1695.00 343.540772 SAR EN-95751 1 1695.00 English Books

© Delhi Public Library
Hit Counter
free hit counter